• 首页
  • 本馆介绍
  • 公告通知
  • 最新文献
  • 馆藏检索
  • 电子资源
  • 读者导购
  • 参考咨询
  • 我的图书馆
  • 登录
  • 详细信息显示
  • 放入我的书架
  • 预约/预借图书
  • 作者相关作品
  • 分类相关作品
  • 丛书相关作品
  • 出版社相关作品

书目信息

  • 表格格式
  • 工作单格式
  • 卡片格式
题名:
蔬菜生理性病害及防治技术
    
 
作者: 满昌伟 编著
分册:  
出版信息: 北京   化学工业出版社  2009
页数: 236页
开本: 21cm
丛书名:
单 册:
中图分类: S436.3
科图分类:
主题词: 蔬菜--植物生理性病--植物病害--防治 , 蔬菜 , 植物生理性病 , 病害
电子资源:
ISBN: 978-7-122-01845-8
000 00841nam0 2200265 45
001 1130245719
005 20110309141334.20
010    @a978-7-122-01845-8@dCNY19.00
100    @a20110123e2009 em y0chiy50 ea
101 0  @achi
102    @aCN@b110000
105    @aa z 000yy
106    @ar
200 1  @a蔬菜生理性病害及防治技术@AShu Cai Sheng Li Xing Bing Hai Ji Fang Zhi Ji Shu@f满昌伟编著@FMan Chang Wei Bian Zhu
210    @a北京@c化学工业出版社@d2009
215    @a236页@c图@d21cm
330    @a本书介绍了根菜、茄果、瓜、葱蒜、萝卜、茄子等二十多种蔬菜的生理性病害及其防治。
606 0  @a蔬菜@x植物生理性病@x植物病害@x防治
606 0  @a蔬菜
606 0  @a植物生理性病
606 0  @a病害
690    @aS436.3@v4
701  0 @a满昌伟@AMan Chang Wei@4编著
801  0 @aCN@bTANGWEI@c20110309
905    @b0530910-13@dS436.3@e73@f4
    
    蔬菜生理性病害及防治技术/满昌伟编著.-北京:化学工业出版社,2009
    236页:图;21cm
    
    
    ISBN 978-7-122-01845-8:CNY19.00
    本书介绍了根菜、茄果、瓜、葱蒜、萝卜、茄子等二十多种蔬菜的生理性病害及其防治。
●
相关链接 在E读中查询图书 在五车中查询图书 在当当中查询图书 在豆瓣中查询图书


正题名:蔬菜生理性病害及防治技术     索取号:S436.3/73         预约/预借

序号 登录号 条形码 馆藏地/架位号 状态 备注
1 0530910   205309101   第二样本阅览室/ [索取号:S436.3/73] 在馆    
2 0530911   205309110   第三借阅区/ [索取号:S436.3/73] 在馆    
3 0530912   205309129   第三借阅区/ [索取号:S436.3/73] 在馆    
4 0530913   205309138   第三借阅区/ [索取号:S436.3/73] 在馆    
唐山师范学院图书馆 欢迎您!
大连网信软件有限公司© 版权所有